| 000 | 00521nam a2200181Ia 4500 | ||
|---|---|---|---|
| 999 |
_c32416 _d32416 |
||
| 003 | OSt | ||
| 005 | 20201014101112.0 | ||
| 008 | 190216s9999||||xx |||||||||||||| ||und|| | ||
| 020 | _a9788123918426 | ||
| 040 | _coclc | ||
| 082 |
_a519.4 _bAGA/T |
||
| 100 |
_aAgarwal, B L _9764 |
||
| 245 | 0 |
_aTheory And Analysis Of Experimental Designs / _cB L Agarwal |
|
| 260 |
_bCbs Publishers, _c2010. _aNew Delhi: |
||
| 300 | _a493p | ||
| 650 | _aMathematics | ||
| 942 |
_cBK _2ddc _h519.4 _iAGA/T _k519.4 _mAGA/T |
||